000 00627nam a2200169Ia 4500
008 090711s9999 xx 000 0 und d
082 _b319
100 _aदेशमुख म. भ. / जोशी य.
245 _aविस्तार-प्रशासन
260 _bकॉन्टीनेन्टल प्रकाशन
_c1979
300 _a206
600 _aदेशमुख म. भ. / जोशी य.
630 _aविस्तार-प्रशासन
700 _aदेशमुख म. भ. / जोशी य.
730 _aविस्तार-प्रशासन
942 _cBOOK
999 _c323747
_d323747